000 01475 a2200277 4500
001 16
005 20260407155402.0
008 260407a2000 arg spa d
003 AR-UNSa-BCEJYS
040 _aAR-UNSa-BCEJYS
_bspa
_cAR-UNSa-BCEJYS
080 _a519.87
_xModelos matemáticos para la investigación operativa
245 1 0 _aAnálisis cuantitativo para los negocios
020 _a958-41-0038-6
250 _a9a. ed
264 1 _aBogotá :
_bMcGraw-Hill
_c2000
300 _axii, 530 p.
_c27 cm.
505 _a1. Introducción al análisis y construcción de modelos - 2. Introducción a la programación lineal - 3. Solución de problemas de programación lineal - 4. Temas especiales de programación matemática - 5. Introducción a probabilidades - 6. Toma de decisiones bajo incertidumbre - 7. Decisión y análisis de riesgo - 8. Control y gerencia de inventarios - 9. Teoría de las colas: congestión en sistemas de procesamiento - 10. Simulación - 11. PERT: Program Evaluation and Review Technique O. Técnica de evaluación y revisión de programas - 12. Pronósticos
041 _aspa
942 _cBK
590 _aniveau_biblio:m niveau_hierar:0
100 1 _aBonini, Charles E.
700 1 _aHausman, Warren H.
700 1 _aAvila de Barón, Cecilia
700 1 _aBierman, Harold
856 4 1 _uhttps://biblioeco.unsa.edu.ar/pmb/images/libros/An?lisis cuantitativo para los negocios Bonini Charles E. (2000).jpg
_yImagen de portada
_qimage/jpeg
999 _c13
_d13